[Event "British Chess Championships 2023: U14 Championship"]
[Site "The Venue, De Montfort University, 20 Western Boulevard, Leicester, LE2 7BU"]
[Date "2023.07.28"]
[Round "6"]
[Board "19"]
[White "Kathuria, Dhruv"]
[Black "Pannu, Mya"]
[Result "1/2-1/2"]
[WhiteElo "1313"]
[BlackElo "1041"]
[PlyCount "57"]
[EventDate "2023.07.25"]
[EventRounds "7"]
[EventCountry "ENG"]

1. e4 e5 2. Nf3 Nc6 3. Bb5 Nf6 4. O-O Bc5 5. c3 d5 6. Nxe5 Bd7 7. Bxc6 Bxc6 8. d4
Be7 9. Nxc6 bxc6 10. e5 Ne4 11. f3 Ng5 12. f4 Ne4 13. f5 Qd7 14. Nd2 f6 15. e6 Qd6
16. Nb3 g6 17. Na5 O-O-O 18. Qb3 Nc5 19. dxc5 Qxc5+ 20. Kh1 Qxa5 21. Qc2 Qb5 22.
Be3 Rhf8 23. a4 Qc4 24. Rf4 Qa6 25. b4 Rg8 26. Rff1 Qc4 27. Rf4 Qa6 28. Rff1 Qc4
29. Rf4  1/2-1/2

[Event "British Chess Championships 2023: U14 Championship"]
[Site "The Venue, De Montfort University, 20 Western Boulevard, Leicester, LE2 7BU"]
[Date "2023.07.28"]
[Round "6"]
[Board "22"]
[White "Merchant, Sebastian"]
[Black "Miler, Jakub"]
[Result "1-0"]
[WhiteElo "1391"]
[BlackElo "1100"]
[PlyCount "51"]
[EventDate "2023.07.25"]
[EventRounds "7"]
[EventCountry "ENG"]

1. d4 Nf6 2. Nc3 g6 3. e4 d6 4. f4 Bg4 5. Nf3 Bg7 6. h3 Bxf3 7. Qxf3 Nbd7 8. Bd3
O-O 9. Be3 e5 10. dxe5 dxe5 11. f5 c6 12. g4 h6 13. g5 hxg5 14. Bxg5 Re8 15. h4 Qb6
16. O-O-O Nc5 17. Bxf6 Bxf6 18. fxg6 Nxd3+ 19. Rxd3 Kg7 20. gxf7 Kxf7 21. Rf1 Re6
22. Qh5+ Ke7 23. Qh7+ Kf8 24. Qh8+ Ke7 25. Qxa8 Bxh4 26. Qf8#  1-0

[Event "British Chess Championships 2023: U14 Championship"]
[Site "The Venue, De Montfort University, 20 Western Boulevard, Leicester, LE2 7BU"]
[Date "2023.07.28"]
[Round "6"]
[Board "23"]
[White "Ou, Siyao"]
[Black "Tagg, Ann"]
[Result "1-0"]
[WhiteElo "1088"]
[BlackElo "1133"]
[PlyCount "145"]
[EventDate "2023.07.25"]
[EventRounds "7"]
[EventCountry "ENG"]

1. e4 e5 2. Nf3 Nc6 3. Bc4 Bc5 4. c3 Nf6 5. d3 Bb6 6. Bg5 h6 7. Bh4 g5 8. Bg3 d6
9. h3 Be6 10. Bxe6 fxe6 11. Qb3 Qe7 12. Nbd2 d5 13. Bxe5 Nxe5 14. Nxe5 Rg8 15. Ng4
Nxg4 16. hxg4 Qf6 17. f3 Rh8 18. O-O-O d4 19. a4 dxc3 20. bxc3 Ba5 21. Qb5+ c6 22.
Qxa5 Kf7 23. Nc4 b6 24. Qb4 e5 25. Nd6+ Kg6 26. Nf5 c5 27. Qc4 Rac8 28. Kd2 Rb8 29.
Ke2 Rh7 30. Rb1 Qc6 31. Qd5 Qxd5 32. exd5 Rd8 33. c4 h5 34. Rxh5 Rxh5 35. gxh5+ Kxh5
36. g4+ Kg6 37. Rh1 a6 38. Rh6+ Kf7 39. Rxb6 Ra8 40. Rc6 Rb8 41. Rxc5 Rb2+ 42. Ke3
Rb4 43. Ra5 Ke8 44. Rxa6 Rb1 45. d6 Rb7 46. Ke4 Kd7 47. Kxe5 Kd8 48. Ne7 Kd7 49.
Nc6 Kc8 50. Ra8+ Rb8 51. Ne7+ Kb7 52. Rxb8+ Kxb8 53. Ke6 Kb7 54. Nc6 Kb6 55. Ke7
Kb7 56. d7 Ka6 57. d8=Q Kb7 58. Qb8+ Ka6 59. Qa8+ Kb6 60. Qa5+ Kb7 61. Qb5+ Kc7 62.
Qb8+ Kxc6 63. Qb5+ Kc7 64. Qe5+ Kc8 65. Qxg5 Kc7 66. f4 Kc6 67. f5 Kc7 68. f6 Kc6
69. f7 Kc7 70. f8=Q Kb6 71. Qb8+ Kc6 72. Qf6+ Kc5 73. Qb5#  1-0

[Event "British Chess Championships 2023: U14 Championship"]
[Site "The Venue, De Montfort University, 20 Western Boulevard, Leicester, LE2 7BU"]
[Date "2023.07.29"]
[Round "7"]
[Board "1"]
[White "Blades, Kit"]
[Black "Cancedda-Dupuis, Livio"]
[Result "0-1"]
[WhiteElo "1689"]
[BlackElo "1656"]
[PlyCount "89"]
[EventDate "2023.07.25"]
[EventRounds "7"]
[EventCountry "ENG"]

1. e4 c5 2. c3 e6 3. d4 cxd4 4. cxd4 d5 5. exd5 exd5 6. Bd3 Bd6 7. Ne2 Ne7 8. O-O
O-O 9. Nbc3 Nbc6 10. Ng3 Be6 11. Bg5 Qd7 12. Rc1 Nf5 13. Bxf5 Bxf5 14. Nxf5 Qxf5
15. Be3 Rad8 16. Qb3 Rd7 17. g3 Bb8 18. Qc2 Qh3 19. Rfd1 f5 20. f4 Re8 21. Re1 g5
22. Qf2 g4 23. Bd2 Qh5 24. Rxe8+ Qxe8 25. Re1 Qf7 26. Qe3 Re7 27. Qd3 Rxe1+ 28. Bxe1
a6 29. Bf2 Qe6 30. Qe3 Kf7 31. Qd3 Ba7 32. Qd1 b5 33. Qb3 Nxd4 34. Qxd5 Ne2+ 35.
Kf1 Nxc3 36. Qb7+ Qe7 37. Qxa7 Qxa7 38. Bxa7 Nxa2 39. Ke2 Ke6 40. Kd3 Kd5 41. Bf2
Nb4+ 42. Kc3 a5 43. b3 a4 44. bxa4 bxa4 45. Be3  0-1

[Event "British Chess Championships 2023: U14 Championship"]
[Site "The Venue, De Montfort University, 20 Western Boulevard, Leicester, LE2 7BU"]
[Date "2023.07.29"]
[Round "7"]
[Board "2"]
[White "Gulijevs, Eldars"]
[Black "Zhu, Pengxiao"]
[Result "0-1"]
[WhiteElo "1845"]
[BlackElo "1487"]
[PlyCount "96"]
[EventDate "2023.07.25"]
[EventRounds "7"]
[EventCountry "ENG"]

1. e4 e5 2. Nf3 Nc6 3. Bc4 Nf6 4. O-O Nxe4 5. d4 d5 6. Bb5 exd4 7. Nxd4 Bd7 8. Nc3
Nxc3 9. bxc3 Be7 10. Re1 O-O 11. Bd3 Bf6 12. Qh5 g6 13. Qxd5 Nxd4 14. cxd4 Be6 15.
Qxb7 Bxd4 16. Bh6 Qh4 17. Bxf8 Bxf2+ 18. Kf1 Rxf8 19. Qxc7 Bd4 20. Qg3 Qf6+ 21. Qf3
Bxa1 22. Qxf6 Bxf6 23. c4 Rc8 24. Rc1 Kf8 25. a4 Be5 26. h3 Ke7 27. c5 Kd7 28. c6+
Kc7 29. Be4 Rb8 30. Rc5 Bd4 31. Rc2 Rb1+ 32. Ke2 Rb2 33. Rxb2 Bxb2 34. Kd3 Bb3 35.
a5 Ba4 36. Bd5 f6 37. Bg8 h6 38. Bh7 g5 39. g4 Bxc6 40. Be4 Bxe4+ 41. Kxe4 Kc6 42.
Kf5 Kb5 43. Kg6 Kxa5 44. Kxh6 Kb6 45. Kh5 a5 46. h4 gxh4 47. Kxh4 a4 48. g5 fxg5+
 0-1

[Event "British Chess Championships 2023: U14 Championship"]
[Site "The Venue, De Montfort University, 20 Western Boulevard, Leicester, LE2 7BU"]
[Date "2023.07.29"]
[Round "7"]
[Board "3"]
[White "Larchikov, Maksym"]
[Black "Malik, Hunain"]
[Result "1-0"]
[WhiteElo "1859"]
[BlackElo "1675"]
[PlyCount "56"]
[EventDate "2023.07.25"]
[EventRounds "7"]
[EventCountry "ENG"]

1. d4 Nf6 2. c4 g6 3. Nc3 Bg7 4. e4 d6 5. Nf3 O-O 6. Be2 e5 7. O-O Nbd7 8. d5 Nc5
9. Qc2 a5 10. Bg5 h6 11. Be3 Qe7 12. Nd2 Nh7 13. a3 f5 14. f3 f4 15. Bf2 g5 16. b4
axb4 17. axb4 Rxa1 18. Rxa1 Na6 19. Qb3 Nb8 20. c5 Kh8 21. Ra8 Nd7 22. Nb5 Ndf6 23.
cxd6 cxd6 24. Nc4 Bd7 25. Rxf8+ Bxf8 26. Nbxd6 b5 27. Nxe5 Kg7 28. Nxd7 Nxd7  1-0

[Event "British Chess Championships 2023: U14 Championship"]
[Site "The Venue, De Montfort University, 20 Western Boulevard, Leicester, LE2 7BU"]
[Date "2023.07.29"]
[Round "7"]
[Board "4"]
[White "Thomas, James"]
[Black "Parikh, Naavya"]
[Result "0-1"]
[WhiteElo "1588"]
[BlackElo "1517"]
[PlyCount "78"]
[EventDate "2023.07.25"]
[EventRounds "7"]
[EventCountry "ENG"]

1. d4 d5 2. Bf4 Nf6 3. e3 e6 4. Nf3 c5 5. c3 Nc6 6. Nbd2 Bd6 7. Bg3 O-O 8. Bd3 Be7
9. h4 Bd6 10. Ne5 Bxe5 11. dxe5 Nd7 12. Nf3 f6 13. exf6 Nxf6 14. Qe2 Qe8 15. Bd6
c4 16. Bc2 Rf7 17. e4 Rd7 18. e5 Nh5 19. Ng5 h6 20. Qf3 hxg5 21. hxg5 g6 22. Bxg6
Qxg6 23. Qf8+ Kh7 24. g4 Rd8 25. Rxh5+ Qxh5 26. gxh5 Rxf8 27. Bxf8 Nxe5 28. g6+ Kg8
29. Bd6 Ng4 30. Ke2 e5 31. f3 Nh6 32. Bxe5 Bf5 33. Bf4 Re8+ 34. Kf2 Kg7 35. Rg1 Bd3
36. Be3 Nf5 37. Re1 Rh8 38. Rh1 Nxe3 39. Kxe3 Bxg6  0-1

[Event "British Chess Championships 2023: U14 Championship"]
[Site "The Venue, De Montfort University, 20 Western Boulevard, Leicester, LE2 7BU"]
[Date "2023.07.29"]
[Round "7"]
[Board "5"]
[White "Welling, Zac"]
[Black "Kalaiyalahan, Aishwarya"]
[Result "1-0"]
[WhiteElo "1661"]
[BlackElo "1389"]
[PlyCount "85"]
[EventDate "2023.07.25"]
[EventRounds "7"]
[EventCountry "ENG"]

1. e4 c5 2. Nc3 Nc6 3. Bb5 Nd4 4. Bc4 e6 5. Nf3 Nf6 6. O-O a6 7. d3 b5 8. Bb3 Nxb3
9. axb3 Bb7 10. e5 Nd5 11. Ne4 f5 12. Nd6+ Bxd6 13. exd6 Qb6 14. Ne5 Nf6 15. Bg5
O-O 16. Re1 Qxd6 17. c4 Qc7 18. d4 Rfd8 19. d5 exd5 20. cxd5 d6 21. Bxf6 gxf6 22.
Nf3 Re8 23. Qd3 Qd7 24. Rad1 Re7 25. Rxe7 Qxe7 26. Qxf5 Re8 27. h3 Bc8 28. Qf4 Qg7
29. Kh2 Re2 30. Rd2 Rxd2 31. Nxd2 Qe7 32. Ne4 Qe5 33. Nxf6+ Kg7 34. Qxe5 dxe5 35.
Ne4 c4 36. bxc4 bxc4 37. Nd6 Bd7 38. Nxc4 Kf6 39. Kg3 Kg5 40. h4+ Kf6 41. Kf3 h5
42. Ke4 Be8 43. Nxe5  1-0

[Event "British Chess Championships 2023: U14 Championship"]
[Site "The Venue, De Montfort University, 20 Western Boulevard, Leicester, LE2 7BU"]
[Date "2023.07.29"]
[Round "7"]
[Board "6"]
[White "Spirling, Florence"]
[Black "Leung, Hao Ran"]
[Result "0-1"]
[WhiteElo "1180"]
[BlackElo "1432"]
[PlyCount "56"]
[EventDate "2023.07.25"]
[EventRounds "7"]
[EventCountry "ENG"]

1. a3 d5 2. d4 Nf6 3. Nf3 Bf5 4. Bf4 e6 5. c4 Be7 6. c5 O-O 7. Nc3 Nbd7 8. h3 Ne4
9. Nxe4 dxe4 10. Nd2 e5 11. dxe5 Nxc5 12. b4 Ne6 13. Bh2 e3 14. Nf3 c5 15. Qxd8 Rfxd8
16. bxc5 Bxc5 17. fxe3 Bxe3 18. Bg1 Bf4 19. e3 Bg3+ 20. Bf2 Bxf2+ 21. Kxf2 Rac8 22.
Ra2 Rd1 23. g4 Bb1 24. Rb2 Rcc1 25. Rxb7 Ng5 26. Bg2 Rc2+ 27. Kg3 Rxg2+ 28. Kf4 Rf2
 0-1

[Event "British Chess Championships 2023: U14 Championship"]
[Site "The Venue, De Montfort University, 20 Western Boulevard, Leicester, LE2 7BU"]
[Date "2023.07.29"]
[Round "7"]
[Board "7"]
[White "Vaidyanathan, Sathya"]
[Black "Rastogi, Nayan Keats"]
[Result "0-1"]
[WhiteElo "1465"]
[BlackElo "1540"]
[PlyCount "95"]
[EventDate "2023.07.25"]
[EventRounds "7"]
[EventCountry "ENG"]

1. b4 e5 2. Bb2 Bxb4 3. Bxe5 Nf6 4. c3 Be7 5. Bxf6 Bxf6 6. d4 d5 7. e3 c5 8. Bb5+
Nc6 9. Nf3 O-O 10. O-O Qb6 11. a4 a6 12. Bd3 c4 13. Bc2 Qb2 14. Nbd2 Qxc3 15. Qc1
Qa5 16. e4 Nxd4 17. Nxd4 Bxd4 18. Ra3 Bc3 19. Nb1 Bf6 20. exd5 Qxd5 21. Nc3 Bxc3
22. Rxc3 b5 23. Rg3 f5 24. Qh6 Qf7 25. Re1 Bd7 26. h4 Rfe8 27. Rxe8+ Rxe8 28. Qxa6
b4 29. Qb6 b3 30. Bxb3 cxb3 31. Rxb3 Bxa4 32. Rb1 Qe6 33. Qb4 Qe4 34. g3 Bc6 35.
Qxe4 Bxe4 36. Rb6 Rc8 37. Kf1 Rc2 38. Rd6 Bf3 39. Re6 Rc1+ 40. Re1 Rxe1+ 41. Kxe1
h6 42. Kd2 g5 43. Ke3 Be4 44. Kd4 Kf7 45. Kc5 Kf6 46. Kd6 f4 47. Kd7 f3 48. Kd6  0-1

[Event "British Chess Championships 2023: U14 Championship"]
[Site "The Venue, De Montfort University, 20 Western Boulevard, Leicester, LE2 7BU"]
[Date "2023.07.29"]
[Round "7"]
[Board "8"]
[White "Sharma, Rishan"]
[Black "Freeman, Luke"]
[Result "0-1"]
[WhiteElo "1370"]
[BlackElo "1387"]
[PlyCount "82"]
[EventDate "2023.07.25"]
[EventRounds "7"]
[EventCountry "ENG"]

1. e4 c5 2. Nf3 g6 3. g3 Bg7 4. Bg2 Nc6 5. O-O d6 6. Nc3 Nf6 7. d3 O-O 8. Be3 Bg4
9. h3 Bxf3 10. Bxf3 Nd4 11. Bg2 Qb6 12. Rb1 Ne6 13. f4 Qc7 14. g4 Nd4 15. g5 Ne8
16. Nd5 Qd7 17. c3 Nc6 18. f5 Nc7 19. f6 Bh8 20. fxe7 Nxe7 21. Nf6+ Bxf6 22. gxf6
Nc6 23. Qe1 Ne6 24. Qg3 Kh8 25. Rbd1 Rg8 26. d4 cxd4 27. cxd4 Nf8 28. Bh6 Re8 29.
Kh2 Qd8 30. Bf4 Ne6 31. d5 Nxf4 32. Qxf4 Ne5 33. Qh6 g5 34. Rf5 Rg6 35. Qh5 Reg8
36. Rdf1 g4 37. h4 g3+ 38. Kh1 Ng4 39. Bh3 Ne3 40. Bg2 Nxf1 41. Rxf1 Rxf6  0-1

[Event "British Chess Championships 2023: U14 Championship"]
[Site "The Venue, De Montfort University, 20 Western Boulevard, Leicester, LE2 7BU"]
[Date "2023.07.29"]
[Round "7"]
[Board "9"]
[White "Oh, Julie"]
[Black "Mittal, Aditya"]
[Result "0-1"]
[WhiteElo "1374"]
[BlackElo "1421"]
[PlyCount "84"]
[EventDate "2023.07.25"]
[EventRounds "7"]
[EventCountry "ENG"]

1. e4 e6 2. Nf3 d5 3. exd5 exd5 4. d4 Bd6 5. Bd3 Ne7 6. Bg5 f6 7. Be3 O-O 8. h3 Bf5
9. Nc3 c6 10. O-O Bxd3 11. Qxd3 Na6 12. a3 Nc7 13. Nh4 Qd7 14. Ne2 g5 15. Nf3 Kh8
16. Nh2 Qf5 17. Qxf5 Nxf5 18. c3 Rae8 19. Rae1 Nxe3 20. fxe3 Bxh2+ 21. Kxh2 Rxe3
22. Ng3 Re6 23. Nh5 f5 24. Re5 Rxe5 25. dxe5 f4 26. g3 fxg3+ 27. Nxg3 Rxf1 28. Nxf1
Kg7 29. Nd2 Kg6 30. Kg3 Kf5 31. Nf3 h6 32. Nd4+ Kxe5 33. Kg4 Ne6 34. Nxe6 Kxe6 35.
Kh5 Kf5 36. Kxh6 c5 37. b4 d4 38. bxc5 dxc3 39. a4 c2 40. Kh5 c1=Q 41. c6 Qxc6 42.
a5 Qg6#  0-1

[Event "British Chess Championships 2023: U14 Championship"]
[Site "The Venue, De Montfort University, 20 Western Boulevard, Leicester, LE2 7BU"]
[Date "2023.07.29"]
[Round "7"]
[Board "10"]
[White "Walia, Michael Kanishk"]
[Black "Gorskovs, Andrejs"]
[Result "1-0"]
[WhiteElo "1374"]
[BlackElo "1414"]
[PlyCount "43"]
[EventDate "2023.07.25"]
[EventRounds "7"]
[EventCountry "ENG"]

1. e4 e5 2. Nf3 Nc6 3. Bc4 Bc5 4. c3 Nf6 5. d3 d6 6. Bb3 a6 7. Nbd2 Ba7 8. Qe2 O-O
9. Nf1 h6 10. Ng3 Re8 11. h3 Ne7 12. Nh4 g5 13. Nf3 Ng6 14. Nh2 Nf4 15. Qf3 Kg7 16.
Ng4 Nxg4 17. hxg4 Bxg4 18. Qxg4 Nxd3+ 19. Ke2 Nxf2 20. Nf5+ Kf8 21. Rxh6 Qf6 22.
Qh5  1-0

[Event "British Chess Championships 2023: U14 Championship"]
[Site "The Venue, De Montfort University, 20 Western Boulevard, Leicester, LE2 7BU"]
[Date "2023.07.29"]
[Round "7"]
[Board "11"]
[White "Bhatia, Kanishka"]
[Black "Gadiot, Ashton"]
[Result "1-0"]
[WhiteElo "1592"]
[BlackElo "1312"]
[PlyCount "118"]
[EventDate "2023.07.25"]
[EventRounds "7"]
[EventCountry "ENG"]

1. e4 e6 2. Nf3 d5 3. Nc3 d4 4. Ne2 c5 5. c3 d3 6. Nf4 c4 7. Qa4+ Nc6 8. Qxc4 e5
9. Nd5 Be6 10. Qxd3 Nf6 11. Nxf6+ Qxf6 12. Qc2 a6 13. d3 Bc5 14. Be2 h5 15. Qd2 g6
16. Qg5 Qg7 17. Be3 Be7 18. Qg3 h4 19. Nxh4 Bxh4 20. Qf3 g5 21. h3 g4 22. hxg4 Be7
23. Rxh8+ Qxh8 24. Qh3 Qxh3 25. gxh3 Kd7 26. Kd2 Rh8 27. Rh1 b5 28. a3 Rh4 29. f4
exf4 30. Bxf4 Bd6 31. Bg5 Rh7 32. d4 Ne7 33. Bf3 Ke8 34. e5 Bc7 35. Bxe7 Kxe7 36.
d5 Bc8 37. d6+ Bxd6 38. exd6+ Kxd6 39. Ke3 f5 40. g5 f4+ 41. Kd4 Rxh3 42. Rxh3 Bxh3
43. Ke4 Be6 44. Kxf4 Kc5 45. Ke5 Bg8 46. Be2 a5 47. b4+ Kb6 48. Kd6 Bc4 49. Bxc4
bxc4 50. g6 axb4 51. axb4 Kb5 52. g7 Ka4 53. g8=Q Kb3 54. Kd5 Ka3 55. Kd4 Ka2 56.
Qxc4+ Kb1 57. Kd3 Ka1 58. b5 Kb1 59. b6 Ka1  1-0

[Event "British Chess Championships 2023: U14 Championship"]
[Site "The Venue, De Montfort University, 20 Western Boulevard, Leicester, LE2 7BU"]
[Date "2023.07.29"]
[Round "7"]
[Board "12"]
[White "Mitraka, Chrysa"]
[Black "Aleksandrov, Igor"]
[Result "1/2-1/2"]
[WhiteElo "1086"]
[BlackElo "1411"]
[PlyCount "62"]
[EventDate "2023.07.25"]
[EventRounds "7"]
[EventCountry "ENG"]

1. d4 d5 2. c4 c6 3. cxd5 cxd5 4. Nc3 Nf6 5. Bf4 Nc6 6. e3 a6 7. a3 Bf5 8. Qb3 Na5
9. Qa4+ b5 10. Qd1 e6 11. Nf3 Nh5 12. Bg3 Nxg3 13. hxg3 Be7 14. Bd3 Bxd3 15. Qxd3
g6 16. b4 Nc4 17. Nd2 Rc8 18. Nxc4 Rxc4 19. O-O O-O 20. Rac1 Qc7 21. g4 Rc8 22. Na2
Bd6 23. f4 Qe7 24. g5 R8c6 25. Rfe1 Qc7 26. Qb1 Bxf4 27. exf4 Qxf4 28. Rxc4 Rxc4
29. Qd3 Rxd4 30. Qe3 Qh4 31. Rf1 Rc4  1/2-1/2

[Event "British Chess Championships 2023: U14 Championship"]
[Site "The Venue, De Montfort University, 20 Western Boulevard, Leicester, LE2 7BU"]
[Date "2023.07.29"]
[Round "7"]
[Board "13"]
[White "Chapman, Luke"]
[Black "Roul, Tushar"]
[Result "0-1"]
[WhiteElo "1344"]
[BlackElo "1545"]
[PlyCount "77"]
[EventDate "2023.07.25"]
[EventRounds "7"]
[EventCountry "ENG"]

1. e4 c6 2. d4 d5 3. f3 e6 4. Nc3 Bb4 5. Nge2 dxe4 6. fxe4 Qh4+ 7. Ng3 Nf6 8. Bd3
Ng4 9. Qf3 Nxh2 10. Rxh2 Bxc3+ 11. bxc3 Qxh2 12. Be3 Qh4 13. O-O-O Qe7 14. Rf1 Nd7
15. e5 f5 16. Bxf5 Nxe5 17. dxe5 exf5 18. Nxf5 Bxf5 19. Qxf5 Rf8 20. Qh5+ g6 21.
Rxf8+ Kxf8 22. Qh6+ Kg8 23. Bd4 c5 24. Be3 Qxe5 25. Bg5 Qxc3 26. Kd1 Re8 27. Bd2
Qa1+ 28. Bc1 Qxa2 29. Qh4 Qd5+ 30. Bd2 Rd8 31. Qh6 Qxd2+ 32. Qxd2 Rxd2+ 33. Kxd2
Kf7 34. Kc3 Ke6 35. Kc4 Kd6 36. Kb5 h5 37. c4 g5 38. g3 h4 39. gxh4  0-1

[Event "British Chess Championships 2023: U14 Championship"]
[Site "The Venue, De Montfort University, 20 Western Boulevard, Leicester, LE2 7BU"]
[Date "2023.07.29"]
[Round "7"]
[Board "14"]
[White "Swiatkowski, Dominik"]
[Black "Kong, Emma"]
[Result "1/2-1/2"]
[WhiteElo "1361"]
[BlackElo "1315"]
[PlyCount "54"]
[EventDate "2023.07.25"]
[EventRounds "7"]
[EventCountry "ENG"]

1. e4 c5 2. Nc3 d6 3. f4 Nc6 4. Bb5 Bd7 5. Nf3 e6 6. d3 Nge7 7. Be3 a6 8. Bxc6 Nxc6
9. O-O Be7 10. a3 Bf6 11. Qd2 O-O 12. Rfd1 Bd4 13. Bxd4 Nxd4 14. Nxd4 cxd4 15. Ne2
e5 16. Qb4 Qc7 17. c3 Bg4 18. Rd2 Bxe2 19. Rxe2 dxc3 20. Rc1 Qc5+ 21. Qxc5 dxc5 22.
fxe5 Rfe8 23. Rxc3 Rxe5 24. Rec2 b6 25. Rf2 f5 26. Re2 fxe4 27. dxe4 Rf8  1/2-1/2

[Event "British Chess Championships 2023: U14 Championship"]
[Site "The Venue, De Montfort University, 20 Western Boulevard, Leicester, LE2 7BU"]
[Date "2023.07.29"]
[Round "7"]
[Board "15"]
[White "Dissanayake, Sathsara"]
[Black "Edwards, Leon"]
[Result "1/2-1/2"]
[WhiteElo "1497"]
[BlackElo "1387"]
[PlyCount "54"]
[EventDate "2023.07.25"]
[EventRounds "7"]
[EventCountry "ENG"]

1. e4 d5 2. exd5 Nf6 3. Nf3 Nxd5 4. d4 Bf5 5. Bd3 Bxd3 6. Qxd3 e6 7. c4 Nf6 8. O-O
Be7 9. Nc3 O-O 10. Be3 c6 11. Rad1 Qc7 12. Ng5 h6 13. Nge4 Nbd7 14. f4 Ng4 15. h3
Nxe3 16. Qxe3 Rfd8 17. Kh1 Nf6 18. Nxf6+ Bxf6 19. Ne4 Be7 20. Rd3 Bd6 21. g3 c5 22.
dxc5 Be7 23. Rfd1 Rxd3 24. Rxd3 Rc8 25. Kh2 Qa5 26. a3 Bf6 27. Nxf6+ gxf6  1/2-1/2

[Event "British Chess Championships 2023: U14 Championship"]
[Site "The Venue, De Montfort University, 20 Western Boulevard, Leicester, LE2 7BU"]
[Date "2023.07.29"]
[Round "7"]
[Board "16"]
[White "Catabay, Mae C"]
[Black "Mehta, Sophie"]
[Result "1/2-1/2"]
[WhiteElo "1579"]
[BlackElo "1410"]
[PlyCount "74"]
[EventDate "2023.07.25"]
[EventRounds "7"]
[EventCountry "ENG"]

1. d4 Nf6 2. Nf3 g6 3. Bf4 Bg7 4. c3 O-O 5. e3 d6 6. Bd3 Re8 7. e4 Nbd7 8. O-O e5
9. Bg5 c6 10. dxe5 Nxe5 11. Nxe5 Rxe5 12. Bf4 Re8 13. Re1 Ng4 14. h3 Ne5 15. Bh2
Qb6 16. b3 Be6 17. Qc2 d5 18. Nd2 Rad8 19. Bxe5 dxe4 20. Rxe4 Bf5 21. Nc4 Bxe4 22.
Nxb6 Bxd3 23. Qb2 Rxe5 24. Nc4 Re2 25. Qc1 Bxc4 26. bxc4 Rdd2 27. Qf1 Rb2 28. Re1
Rec2 29. Re8+ Bf8 30. Qe1 Kg7 31. Qe5+ Kh6 32. Rxf8 Rxf2 33. Qe3+ Kg7 34. Re8 Rxg2+
35. Kf1 Rh2 36. Qg1 Rb1+ 37. Re1 Rbb2  1/2-1/2

[Event "British Chess Championships 2023: U14 Championship"]
[Site "The Venue, De Montfort University, 20 Western Boulevard, Leicester, LE2 7BU"]
[Date "2023.07.29"]
[Round "7"]
[Board "17"]
[White "Pannu, Mya"]
[Black "Eccleston, Bryony"]
[Result "0-1"]
[WhiteElo "1041"]
[BlackElo "1017"]
[PlyCount "40"]
[EventDate "2023.07.25"]
[EventRounds "7"]
[EventCountry "ENG"]

1. d4 Nf6 2. Nf3 d5 3. e3 e6 4. Bd3 c5 5. b3 Nc6 6. Bb2 Qb6 7. O-O Bd7 8. Nbd2 Be7
9. Rc1 Rc8 10. c4 Nb4 11. Bb1 dxc4 12. Rxc4 Bb5 13. dxc5 Bxc5 14. Qc2 Nxc2 15. Bxc2
Bxc4 16. Nxc4 Qc7 17. Be5 Qe7 18. b4 Bxb4 19. Ba4+ Nd7 20. Rc1 O-O  0-1

[Event "British Chess Championships 2023: U14 Championship"]
[Site "The Venue, De Montfort University, 20 Western Boulevard, Leicester, LE2 7BU"]
[Date "2023.07.29"]
[Round "7"]
[Board "18"]
[White "Eradi, Madhav"]
[Black "Sohi, Aarav"]
[Result "1/2-1/2"]
[WhiteElo "1339"]
[BlackElo "1230"]
[PlyCount "69"]
[EventDate "2023.07.25"]
[EventRounds "7"]
[EventCountry "ENG"]

1. d4 d5 2. Bf4 c6 3. e3 Nf6 4. Bd3 Bg4 5. Nf3 e6 6. Nbd2 Be7 7. O-O O-O 8. c3 c5
9. b3 Nbd7 10. h3 Bh5 11. Qc2 Bg6 12. Bxg6 hxg6 13. Qd3 Rc8 14. Rac1 Qb6 15. c4 Rc6
16. Ne5 Nxe5 17. Bxe5 Rfc8 18. cxd5 Nxd5 19. a3 a6 20. dxc5 Bxc5 21. Nc4 Qd8 22.
Rfd1 Bxa3 23. Ra1 Be7 24. e4 Nb4 25. Qxd8+ Rxd8 26. Rxd8+ Bxd8 27. Rd1 Bc7 28. Nd6
Rc2 29. Nxf7 Bxe5 30. Nxe5 Rb2 31. Nxg6 Rxb3 32. Nf4 e5 33. Ng6 Nd3 34. Ne7+ Kf7
35. Nd5  1/2-1/2

[Event "British Chess Championships 2023: U14 Championship"]
[Site "The Venue, De Montfort University, 20 Western Boulevard, Leicester, LE2 7BU"]
[Date "2023.07.29"]
[Round "7"]
[Board "19"]
[White "Ajaykumar, Arav"]
[Black "Kathuria, Dhruv"]
[Result "1/2-1/2"]
[WhiteElo "1289"]
[BlackElo "1313"]
[PlyCount "71"]
[EventDate "2023.07.25"]
[EventRounds "7"]
[EventCountry "ENG"]

1. e4 e5 2. d4 exd4 3. c3 dxc3 4. Bc4 cxb2 5. Bxb2 Nf6 6. e5 d5 7. exf6 Bb4+ 8. Nc3
Qxf6 9. Nge2 dxc4 10. O-O O-O 11. Rb1 Qh6 12. Bc1 Qd6 13. Bf4 Qxd1 14. Rfxd1 Ba5
15. Nd5 Na6 16. Rd4 Be6 17. Rxb7 Bxd5 18. Rxd5 Bb6 19. Be3 Rfc8 20. Nc3 Nb4 21. Rd7
Rab8 22. Rxb8 Rxb8 23. Bxb6 cxb6 24. Rxa7 f6 25. Ra4 Re8 26. g3 Re1+ 27. Kg2 Rc1
28. Rxb4 Rxc3 29. Rxb6 Ra3 30. Rc6 c3 31. Kf1 Kf7 32. Ke1 Kg6 33. h4 Kh5 34. f4 Kg6
35. g4 Rxa2 36. Rxc3  1/2-1/2

[Event "British Chess Championships 2023: U14 Championship"]
[Site "The Venue, De Montfort University, 20 Western Boulevard, Leicester, LE2 7BU"]
[Date "2023.07.29"]
[Round "7"]
[Board "20"]
[White "Ou, Siyuan"]
[Black "Merchant, Sebastian"]
[Result "1/2-1/2"]
[WhiteElo "1232"]
[BlackElo "1391"]
[PlyCount "66"]
[EventDate "2023.07.25"]
[EventRounds "7"]
[EventCountry "ENG"]

1. e4 c5 2. Nc3 d6 3. Nge2 Nf6 4. d4 cxd4 5. Nxd4 a6 6. f3 e6 7. Bg5 Be7 8. Bd3 O-O
9. O-O Nxe4 10. Nxe4 Bxg5 11. Nxg5 Qxg5 12. Kh1 b5 13. f4 Qh6 14. Qe2 Bb7 15. Be4
Ra7 16. Rac1 Bxe4 17. Qxe4 d5 18. Qe3 Rc7 19. Rce1 Nc6 20. Nxc6 Rxc6 21. c3 Rfc8
22. Qf3 g6 23. Rf2 Rf8 24. h3 Rd6 25. Qe3 Rfd8 26. f5 Qh5 27. Rf4 Qg5 28. h4 Qh6
29. Qd4 exf5 30. Rxf5 Re6 31. Rxe6 fxe6 32. Rg5 Rf8 33. Kh2 Qg7  1/2-1/2